000 01078nam a2200253 u 4500
001 000594696
003 AM-YeHGA
005 20250618073522.0
008 080812s2008 ai |||||||||||||||0|arm|d
020 _a9789993075776
040 _aAM-YeHGA
041 1 _aarm
_hfre
100 1 _aՇատոբրիան, Ֆրանսուա-Ռընե դը
245 1 0 _aՔրիստոնեության հանճարը :
_b(Ընտիր հատվածներ) /
_cՇատոբրիան ; Ֆրանս. թարգմ. և ծանոթագր.՝ Պ. Շահբազյան.
246 1 5 _aLe génie du christianisme :
_b(Extraits)
260 _aԷջմիածին :
_bՄայր Աթոռ Ս. Էջմիածին,
_c2008.
300 _a224 էջ ;
_c21 սմ.
440 0 _aՀանրամատչելի գրականություն ;
_vԱ
650 1 4 _aՔրիստոնեական գրականություն
_95165
700 1 _aՇահբազյան, Պարգև
_eթարգմ.
_4trl
_eծանոթագր.
_4cmm
856 4 1 _uhttp://haygirk.nla.am/upload/1941-/shatobrian_2008.pdf
_yԿարդալ առցանց
942 _2udc
_cBK
090 _c244674
999 _c243093
_d243093